سفر المزامير / Sifr al-mazāmīr

محفوظ في:

المؤلف الرئيسي: Iskandar Jadīd.

التنسيق: كتاب

اللغة: Undetermined

منشور في: not identified not identified 1933

الوسوم: إضافة وسم

لا توجد وسوم, كن أول من يضع وسما على هذه التسجيلة!

رقم الطلب: O30 MAZA

LEADER 00345nam a2200121Ia 4500
008 240404s9999||||xx |||||||||||||| ||und||
050 4 |a O30 MAZA 
100 1 |a Iskandar Jadīd. 
245 1 0 |a سفر المزامير / Sifr al-mazāmīr   |c Iskandar Jadīd 
264 1 |a not identified  |b not identified  |c 1933 
300 |a 163  |c 19 
942 |2 lcc  |c BK 
999 |c 58071  |d 58071